| 000 | 00685nam a22002057a 4500 | ||
|---|---|---|---|
| 005 | 20180719111152.0 | ||
| 010 | _aENG-123552 | ||
| 020 |
_a9789386906052 _c495.00 |
||
| 035 | _aEN-107084 | ||
| 037 | _bDBAD/PUB | ||
| 082 | _a741.535854 | ||
| 100 | _aChatterjee, Partha | ||
| 245 |
_aWhat a life! : _cby Partha Chatterjee [and] Arvindar Singh _ba jakeudiscioe if rahubder oyru's cartoons / |
||
| 260 |
_aNew Delhi _bNiyogi Books _c2017 |
||
| 270 |
_aD-78, Okhla Industrial Area, Phase-I _bNew Delhi _e110020 |
||
| 300 |
_a147p. : _c25cm(pbk) _bill. |
||
| 650 |
_aMonuments _zIndia _zDelhi. |
||
| 700 |
_aArvindar Singh _943140 |
||
| 942 |
_2ddc _cEN _h741.535854 _mCHA |
||
| 999 |
_c154349 _d154349 |
||